Real kids, real stories, real change : (Record no. 294960)
[ view plain ]
| 000 -LEADER | |
|---|---|
| fixed length control field | 02058cam a2200445 a 4500 |
| 001 - CONTROL NUMBER | |
| control field | 16028136 |
| 003 - CONTROL NUMBER IDENTIFIER | |
| control field | SISC |
| 005 - DATE AND TIME OF LATEST TRANSACTION | |
| control field | 20160601101438.0 |
| 008 - FIXED-LENGTH DATA ELEMENTS--GENERAL INFORMATION | |
| fixed length control field | 091218s2010 mnuab j b 000 0ceng |
| 010 ## - LIBRARY OF CONGRESS CONTROL NUMBER | |
| LC control number | 2009051966 |
| 020 ## - INTERNATIONAL STANDARD BOOK NUMBER | |
| International Standard Book Number | 9781575423500 |
| 035 ## - SYSTEM CONTROL NUMBER | |
| System control number | (OCoLC)ocn437300471 |
| 037 ## - SOURCE OF ACQUISITION | |
| Stock number | 1307132 |
| Source of stock number/acquisition | QBI |
| 040 ## - CATALOGING SOURCE | |
| Original cataloging agency | DLC |
| Transcribing agency | DLC |
| Modifying agency | QBX |
| -- | DLC |
| 050 00 - LIBRARY OF CONGRESS CALL NUMBER | |
| Classification number | CT 107 |
| Item number | .S798 2010 |
| 082 00 - DEWEY DECIMAL CLASSIFICATION NUMBER | |
| Classification number | 920/.0083 |
| 100 1# - MAIN ENTRY--PERSONAL NAME | |
| Personal name | Sundem, Garth. |
| 245 10 - TITLE STATEMENT | |
| Title | Real kids, real stories, real change : |
| Remainder of title | courageous actions around the world / |
| Statement of responsibility, etc | Garth Sundem ; foreword by Bethany Hamilton. |
| 260 ## - PUBLICATION, DISTRIBUTION, ETC. (IMPRINT) | |
| Place of publication, distribution, etc | Minneapolis, MN : |
| Name of publisher, distributor, etc | Free Spirit Pub., |
| Date of publication, distribution, etc | c2010. |
| 300 ## - PHYSICAL DESCRIPTION | |
| Extent | ix, 165 p. : |
| Other physical details | ill., col. maps ; |
| Dimensions | 19 cm. |
| 500 ## - GENERAL NOTE | |
| General note | Originally published as: The doggy dung disaster & other true stories. c2007. |
| 504 ## - BIBLIOGRAPHY, ETC. NOTE | |
| Bibliography, etc | Includes bibliographical references (p. 155-165). |
| 650 #0 - SUBJECT ADDED ENTRY--TOPICAL TERM | |
| Topical term or geographic name as entry element | Children |
| Form subdivision | Biography |
| -- | Anecdotes |
| -- | Juvenile literature. |
| 650 #0 - SUBJECT ADDED ENTRY--TOPICAL TERM | |
| Topical term or geographic name as entry element | Courage |
| Form subdivision | Anecdotes |
| -- | Juvenile literature. |
| 650 #0 - SUBJECT ADDED ENTRY--TOPICAL TERM | |
| Topical term or geographic name as entry element | Creative ability |
| Form subdivision | Anecdotes |
| -- | Juvenile literature. |
| 650 #0 - SUBJECT ADDED ENTRY--TOPICAL TERM | |
| Topical term or geographic name as entry element | Diligence |
| Form subdivision | Anecdotes |
| -- | Juvenile literature. |
| 650 #0 - SUBJECT ADDED ENTRY--TOPICAL TERM | |
| Topical term or geographic name as entry element | Children |
| General subdivision | Political activity |
| Form subdivision | Anecdotes |
| -- | Juvenile literature. |
| 650 #0 - SUBJECT ADDED ENTRY--TOPICAL TERM | |
| Topical term or geographic name as entry element | Social action |
| Form subdivision | Anecdotes |
| -- | Juvenile literature. |
| 650 #0 - SUBJECT ADDED ENTRY--TOPICAL TERM | |
| Topical term or geographic name as entry element | Altruism in children |
| Form subdivision | Anecdotes |
| -- | Juvenile literature. |
| 650 #0 - SUBJECT ADDED ENTRY--TOPICAL TERM | |
| Topical term or geographic name as entry element | Biography |
| Form subdivision | Anecdotes |
| -- | Juvenile literature. |
| 650 #0 - SUBJECT ADDED ENTRY--TOPICAL TERM | |
| Topical term or geographic name as entry element | Child volunteers |
| Form subdivision | Case studies |
| -- | Juvenile literature. |
| 650 #0 - SUBJECT ADDED ENTRY--TOPICAL TERM | |
| Topical term or geographic name as entry element | Helping behavior in children |
| Form subdivision | Case studies |
| -- | Juvenile literature. |
| 650 #0 - SUBJECT ADDED ENTRY--TOPICAL TERM | |
| Topical term or geographic name as entry element | Role models |
| Form subdivision | Case studies |
| -- | Juvenile literature. |
| 700 1# - ADDED ENTRY--PERSONAL NAME | |
| Personal name | Sundem, Garth. |
| Title of a work | Doggy dung disaster & other true stories. |
| 856 42 - ELECTRONIC LOCATION AND ACCESS | |
| Materials specified | Publisher description |
| Uniform Resource Identifier | <a href="http://www.loc.gov/catdir/enhancements/fy1011/2009051966-d.html">http://www.loc.gov/catdir/enhancements/fy1011/2009051966-d.html</a> |
| 856 42 - ELECTRONIC LOCATION AND ACCESS | |
| Materials specified | Contributor biographical information |
| Uniform Resource Identifier | <a href="http://www.loc.gov/catdir/enhancements/fy1011/2009051966-b.html">http://www.loc.gov/catdir/enhancements/fy1011/2009051966-b.html</a> |
| 906 ## - LOCAL DATA ELEMENT F, LDF (RLIN) | |
| a | 7 |
| b | cbc |
| c | orignew |
| d | 1 |
| e | ecip |
| f | 20 |
| g | y-gencatlg |
| 942 ## - ADDED ENTRY ELEMENTS (KOHA) | |
| Source of classification or shelving scheme | Library of Congress Classification |
| Koha item type | Books |
| Withdrawn status | Lost status | Source of classification or shelving scheme | Damaged status | Home library | Current library | Shelving location | Date acquired | Source of acquisition | Total Checkouts | Full call number | Barcode | Date last seen | Price effective from | Koha item type |
|---|---|---|---|---|---|---|---|---|---|---|---|---|---|---|
| Library of Congress Classification | Luxembourg Library | Luxembourg Library | High School Section | 05/24/2016 | Library Fund | CT 107 .S798 2010 | 20158 | 05/24/2016 | 05/24/2016 | Books |